World English ( Workbook )

Wedi'i Gadw mewn:
Manylion Llyfryddiaeth
Fformat: Llyfr
Iaith:Undetermined
Cyhoeddwyd: Orlando, FL Harcourt, Brace International 1981
Pynciau:
Tagiau: Ychwanegu Tag
Dim Tagiau, Byddwch y cyntaf i dagio'r cofnod hwn!
Thư viện lưu trữ: Trung tâm Học liệu Trường Đại học Cần Thơ
LEADER 00545nam a2200181Ia 4500
001 CTU_125634
008 210402s9999 xx 000 0 und d
082 |a 428.007 
082 |b W927w/T6 
245 0 |a World English ( Workbook ) 
245 0 |c Edited by Peter Javanovich and Christopher Morris 
260 |a Orlando, FL 
260 |b Harcourt, Brace International 
260 |c 1981 
650 |a English language 
650 |x Study and teaching,Foreign speakers. 
904 |i Minh 
980 |a Trung tâm Học liệu Trường Đại học Cần Thơ